[Event "71st RUS-ch Higher League 2018"]
[Site "Yaroslavl"]
[Date "2018.06.28"]
[Round "3"]
[White "Rakhmanov, Aleksandr"]
[Black "Sakaev, Konstantin"]
[Result "1/2-1/2"]
[WhiteElo "2627"]
[BlackElo "2580"]
[Annotator "TA"]
[PlyCount "90"]
[EventDate "2018.06.26"]
[EventType "swiss"]
[EventCountry "RUS"]
[SourceTitle "playchess.com"]
[Source "ChessBase"]
[SourceQuality "1"]

{[%evp 9,90,-20,7,-6,-1,-5,-13,-25,1,-20,0,14,15,11,6,9,36,39,41,44,44,45,62,50,53,61,52,50,64,73,74,47,99,99,106,71,106,101,106,106,109,57,85,28,28,28,29,-16,-27,-14,0,-64,-71,-64,-64,-64,-71,-71,-63,-204,0,0,0,-191,-160,-945,-945,-941,-940,-913,-746,-662,0,-807,-807,-737,-549,-465,0,-540,0,-349,0]} 1. Nf3 d5 2. g3 Nf6 3. Bg2 c5 4. b3 Nc6 5. Bb2 d4 {LiveBook: 10 Games} 6. c3 {A08: King's Indian Attack} (6. O-O e5 7. d3 Bd6 8. Nbd2 O-O 9. c3 Re8 10. Rc1 h6 11. Nc4 Bc7 12. Nfd2 Bg4 13. Bxc6 bxc6 14. f3 Bh3 15. Rf2 Nd5 16. Ne4 Bb6 {½-½ (65) Ipatov,A (2613)-Najer,E (2653) Dubai 2014}) 6... e5 7. cxd4 cxd4 $146 ({Predecessor:} 7... exd4 8. O-O Be7 9. d3 O-O 10. Nbd2 Be6 11. Ng5 Bd5 12. Nge4 Nxe4 13. dxe4 Be6 {0-1 (52) Pinales Roussel,G (1960)-Dominguez Fundora,Y Bayamon 2015}) 8. O-O {The position is equal.} Be7 9. e3 $1 Bg4 {Threatens to win with ...e4.} 10. h3 Bh5 11. g4 Bg6 12. Na3 O-O 13. Nc4 Bd3 14. Nfxe5 Nxe5 15. Nxe5 Bxf1 16. Qxf1 Nd7 $1 {[%cal Rd7e5]} 17. Nxd7 Qxd7 18. Bxd4 ({Of course not} 18. exd4 Bf6 $15) 18... Bf6 19. Bxf6 gxf6 20. Qe2 Rac8 (20... Rae8 $14) 21. Be4 $16 Rc7 22. Bf5 Qd6 23. d4 Kg7 24. Rd1 Re8 25. Qd2 ({White should play} 25. Kg2 $16) 25... h6 26. e4 ({Better is} 26. Kg2 $16) 26... b5 $11 27. h4 b4 28. g5 hxg5 29. hxg5 Rg8 30. Kf1 (30. Kg2 $11) 30... Qh2 $1 $15 {[%mdl 1024] And now ...Rc3 would win. Black has compensation.} 31. d5 Rc3 32. Qd4 Qh1+ 33. Ke2 Qh5+ 34. Kf1 (34. Ke1 $1 $15 Qxg5 35. Rd3) 34... Qh1+ 35. Ke2 Qh5+ 36. Kf1 Qxg5 $40 {[%mdl 128] ...Rh8 is the strong threat. Black wants a kill.} 37. Qxb4 $2 (37. Ke2 $17) 37... Rc2 $19 {( -> ...Kh8)} 38. Rd3 Rh8 $1 {[%cal Rh8h1]} 39. Bh3 Rc1+ 40. Ke2 Rc2+ 41. Kf1 {and the idea Rf3 leaves White hopeful.} a5 42. Qxa5 Rc1+ 43. Ke2 {Hoping for Rg3.} Rc2+ 44. Kf1 $1 {If White can now play Qb4 this consolidates a bit.} Rc1+ 45. Ke2 {aiming for Rg3.} Rc2+ $2 {Precision: White = 51%, Black = 49%.} ({Black should try} 45... Qh5+ $19 46. Rf3 Rc2+ 47. Ke3 {[#]} Rc3+ $1 {[%mdl 512]} 48. Qxc3 Qxf3+ 49. Kd4 Qxc3+ 50. Kxc3 Rxh3+ 51. Kc4 f5 $1 {[%mdl 512]} 52. exf5 Kf6) 1/2-1/2

[Event "71st RUS-ch Higher League 2018"]
[Site "Yaroslavl"]
[Date "2018.06.28"]
[Round "3"]
[White "Alekseenko, Kirill"]
[Black "Sarana, Alexey"]
[Result "0-1"]
[WhiteElo "2621"]
[BlackElo "2573"]
[Annotator "TA"]
[PlyCount "114"]
[EventDate "2018.06.26"]
[EventType "swiss"]
[EventCountry "RUS"]
[SourceTitle "playchess.com"]
[Source "ChessBase"]
[SourceQuality "1"]

{[%evp 21,114,8,14,0,0,0,0,0,23,23,36,35,33,34,24,17,9,0,0,4,10,-22,-22,0,0,7,0,0,0,0,0,0,-8,-112,-117,-145,-139,-147,-128,-199,-199,-199,-199,-200,-199,-205,-187,-150,-210,-193,-198,-198,-199,-199,-196,-191,-195,-320,-262,-263,-262,-246,-242,-397,-404,-405,-388,-401,-328,-439,-448,-1310,-609,-746,-737,-585,-845,-763,-698,-762,-600,-614,-461,-450,-439,-410,-395,-416,-389,-12841,-12842,-29985,-29986,-29986,-29987]} 1. e4 c5 2. Nf3 d6 3. d4 cxd4 4. Nxd4 Nf6 5. Nc3 a6 6. Be2 e5 7. Nb3 Be7 8. O-O O-O 9. Re1 Be6 {B92: Sicilian Najdorf: 6 Be2} 10. Bf3 Nbd7 11. a4 {[%cal Ba2a4,Ba4a5][%mdl 32]} Qb8 {LiveBook: 46 Games. The position is equal.} 12. h3 Rc8 13. Nd2 Bd8 14. Nf1 Bb6 15. a5 Bd4 {[#]} 16. Nd5 $146 ({Predecessor:} 16. Ne2 Bc5 17. Be3 {0-1 (39) Rublevsky,S (2665)-Alekseenko,K (2625) Sochi 2018}) 16... Bxd5 17. exd5 b5 18. c3 Ba7 19. Bd2 Qc7 20. g4 {[%cal Bg2g4,Bg4g5][%mdl 32]} Nc5 {[%cal Bd7c5,Bc5a4,Ba4b2,Bb2d3][%mdl 32] Threatens to win with ...Nd3.} 21. g5 Nfd7 {White must now prevent ...Nd3.} 22. Qc2 f5 {Strongly threatening ...e4.} 23. b4 (23. Qxf5 Rf8 $17) 23... Na4 {aiming for ...e4.} 24. Qxf5 {Hoping for Bg4.} Rf8 25. Qg4 Nb2 26. Re2 Nd3 {Threatening ...Nxf2.} 27. Nh2 {[#]} (27. Be3 $1 $11) 27... e4 $1 $17 {[%cal Re4f3][%mdl 512]} 28. Qxe4 (28. Rxe4 N7e5) 28... N7e5 {And now ...Nxf2 would win.} 29. Rf1 {[#]} Qf7 $1 {[%cal Re5f3]} 30. Bg4 ({Wrong is} 30. Kh1 $2 Nxf3 31. Be3 (31. Qxd3 $2 Qh5 $19) 31... Qh5 $19) (30. Kg2 $17 {keeps fighting.} Rae8 31. Kh1) 30... Nxf2 $19 31. Rexf2 Bxf2+ 32. Kg2 Nxg4 33. Nxg4 {[%cal Rf1f2]} Rae8 34. Qd3 {[%cal Rf1f2] [#]} Re3 $1 {[%mdl 512]} 35. Bxe3 Qf3+ $40 {[%mdl 128] Black attacks with force.} 36. Kh2 {[%cal Rf1f2]} Qg3+ 37. Kh1 Qxh3+ 38. Nh2 Qxe3 39. Qc2 (39. Qxe3 $142 Bxe3 40. g6 hxg6 41. Rd1) 39... g6 40. c4 bxc4 ({Worse is} 40... Qxg5 41. Rxf2 Rxf2 42. Qxf2 $14) 41. Qxc4 Qxg5 42. b5 $2 {[#]} (42. Qg4 {is a better defense.} Qxd5+ 43. Qg2 Qxg2+ 44. Kxg2) 42... axb5 $1 43. Qxb5 Qe3 44. Qc4 h5 45. a6 Kg7 46. Qb4 (46. Qc2 $142 Qd4 47. Rd1) 46... Rf6 (46... Rf4 $142 47. Qb2+ Kh6 48. Qh8+ Kg5 49. Qd8+ Rf6) 47. Qb7+ Kh6 48. Qb1 Qd4 49. Rd1 Qh4 50. Rd2 Be3 51. Rg2 Qd4 52. Nf1 Bg5 53. Nh2 Rf8 54. Qb3 Rc8 55. Rg1 $2 (55. Qf3 Rc1+ 56. Nf1) 55... Be3 {( -> ...Qe4+)} 56. Rf1 Qe4+ 57. Nf3 Rc1 {Precision: White = 48%, Black = 81%.} 0-1

[Event "71st RUS-ch Higher League 2018"]
[Site "Yaroslavl"]
[Date "2018.06.28"]
[Round "3"]
[White "Predke, Alexandr"]
[Black "Iskusnyh, Sergei"]
[Result "1-0"]
[WhiteElo "2613"]
[BlackElo "2473"]
[Annotator "ChessBase"]
[PlyCount "69"]
[EventDate "2018.06.26"]
[EventType "swiss"]
[EventCountry "RUS"]
[SourceTitle "playchess.com"]
[Source "ChessBase"]
[SourceQuality "1"]
[TimeControl "40/5400+30:1800+30"]

1. e4 {[%emt 0:01:20]} e6 {[%emt 0:00:00]} 2. d4 {[%emt 0:00:05]} d5 {[%emt 0:00:00]} 3. e5 {[%emt 0:00:15]} c5 {[%emt 0:00:36]} 4. c3 {[%emt 0:01:34]} Nc6 {[%emt 0:00:07]} 5. Nf3 {[%emt 0:00:10]} Qb6 {[%emt 0:03:51]} 6. Na3 {[%emt 0:00:09]} Bd7 {[%emt 0:11:02]} 7. Nc2 {[%emt 0:11:14]} cxd4 {[%emt 0:00:41]} 8. Ncxd4 {[%emt 0:01:09]} Nxd4 {[%emt 0:10:13]} 9. Nxd4 {[%emt 0:00:18]} Bc5 {[%emt 0:03:17]} 10. b4 {[%emt 0:14:11]} Bxd4 {[%emt 0:18:09]} 11. Qxd4 {[%emt 0:00:04]} Qc7 {[%emt 0:00:09]} 12. Bd3 {[%emt 0:20:01]} Ne7 {[%emt 0:00:31]} 13. Bf4 {[%emt 0:02:50]} a6 {[%emt 0:26:41]} 14. a4 {[%emt 0:02:06]} Rc8 {[%emt 0:09:44]} 15. Ra3 {[%emt 0:11:39]} g5 {[%emt 0:05:47]} 16. Bxg5 {[%emt 0:08:26]} Nc6 {[%emt 0:00:07]} 17. Qh4 {[%emt 0:00:26]} Nxe5 {[%emt 0:01:58]} 18. Be2 {[%emt 0:00:58]} Ng6 {[%emt 0:02:13]} 19. Qg3 {[%emt 0:00:47]} O-O {[%emt 0:02:20]} 20. Qe3 {[%emt 0:12:55]} f5 {[%emt 0:01:59]} 21. h4 {[%emt 0:01:48]} f4 {[%emt 0:00:24]} 22. Qd4 {[%emt 0:02:29]} Qe5 {[%emt 0:00:21]} 23. Bh6 {[%emt 0:01:47]} Qxd4 {[%emt 0:00:44]} 24. cxd4 {[%emt 0:00:04]} Rc1+ {[%emt 0:00:32]} 25. Bd1 {[%emt 0:00:03]} Rf7 {[%emt 0:00:31]} 26. h5 {[%emt 0:01:43]} Ne7 {[%emt 0:00:26]} 27. Rh4 {[%emt 0:00:36]} Nc6 {[%emt 0:00:30]} 28. b5 {[%emt 0:03:47]} Nxd4 {[%emt 0:00:34]} 29. Rg4+ {[%emt 0:00:04]} Kh8 {[%emt 0:00:10]} 30. Bxf4 {[%emt 0:00:04]} Rxf4 {[%emt 0:00:10]} 31. Rxf4 {[%emt 0:00:04]} Nc2+ {[%emt 0:00:07]} 32. Kd2 {[%emt 0:00:10]} Nxa3 {[%emt 0:01:17]} 33. Kxc1 {[%emt 0:00:33]} axb5 {[%emt 0:00:16]} 34. Rf7 {[%emt 0:00:41]} Bc6 {[%emt 0:00:05]} 35. h6 {[%emt 0:00:04]} 1-0

[Event "71st RUS-ch Higher League 2018"]
[Site "Yaroslavl"]
[Date "2018.06.28"]
[Round "3"]
[White "Popov, Ivan"]
[Black "Bimiev, Ahmad"]
[Result "1-0"]
[WhiteElo "2608"]
[BlackElo "2125"]
[Annotator "TA"]
[PlyCount "57"]
[EventDate "2018.06.26"]
[EventType "swiss"]
[EventCountry "RUS"]
[SourceTitle "playchess.com"]
[Source "ChessBase"]
[SourceQuality "1"]

{[%evp 18,57,9,8,19,8,20,8,11,4,6,16,10,7,103,87,150,127,126,127,118,132,180,170,239,245,280,247,522,529,529,521,583,551,547,493,869,849,934,923,1595,1582]} 1. e4 c5 2. Nf3 d6 3. d4 cxd4 4. Nxd4 Nf6 5. Nc3 a6 6. h4 {B90: Sicilian Najdorf: Unusual White 6th moves, 6 Be3 Ng4 and 6 Be3 e5} (6. Be2 e5 7. Nf3 Be7 8. Bg5 Nbd7 9. a4 h6 10. Be3 Ng4 11. Bc1 Ngf6 12. Nd2 Nc5 13. O-O Qc7 14. a5 Be6 15. Re1 O-O 16. Bf3 Rad8 {½-½ (80) So,W (2778)-Vachier Lagrave,M (2789) Stavanger 2018}) 6... e5 7. Nb3 Be6 8. f4 exf4 9. Bxf4 Nc6 10. Qd2 {LiveBook: 11 Games} d5 {...d4 is the strong threat.} 11. O-O-O {[%cal Re4d5]} Bb4 12. Bg5 {[%cal Re4d5]} Nxe4 13. Qe3 Nxg5 $146 ({Predecessor:} 13... Qc8 14. Nxe4 dxe4 15. Qxe4 {½-½ (59) Kobo,O (2494)-Sarenac,D (2329) Paracin 2017}) 14. Nxd5 $1 Bd6 $1 15. Nb6 $36 {[%mdl 2048] [#] White is pushing.} O-O (15... Ne4 $1 $11 {[%mdl 512] keeps the balance.} 16. Nxa8 (16. Qxe4 Qxb6) 16... Ng3) 16. hxg5 $16 Qc7 ({Black should play} 16... Nb4) 17. Nxa8 Rxa8 18. Kb1 {Black must now prevent Qd3.} Bf4 19. Qc5 b6 20. Qc3 {Hoping for Bd3.} Be5 (20... g6 $142 21. Bd3 Rc8 22. Bxa6 Rd8 23. Rxd8+ Nxd8 24. Qxc7 Bxc7) 21. Qe1 Rc8 22. Bd3 {[%cal Bf1d3,Bd3h7,Bh7e4][%mdl 32]} a5 $2 (22... g6 23. Qh4 Kf8 24. Bxa6 (24. Qxh7 Nb4 $16) 24... Ra8) 23. Bxh7+ $18 {White is clearly winning.} Kf8 24. Be4 Nb4 25. Rh8+ Ke7 26. Rxc8 Qxc8 (26... Bxc8 $142 27. c3 Bg4 28. cxb4 Bxd1 29. Qxd1 Qd6) 27. a3 Na6 {[#]} 28. Bb7 $1 {[%mdl 512]} Qxb7 29. Qxe5 {Precision: White = 81%, Black = 27%.} 1-0

[Event "71st RUS-ch Higher League 2018"]
[Site "Yaroslavl"]
[Date "2018.06.28"]
[Round "3"]
[White "Turov, Maxim"]
[Black "Najer, Evgeniy"]
[Result "1/2-1/2"]
[WhiteElo "2600"]
[BlackElo "2668"]
[Annotator "TA"]
[PlyCount "83"]
[EventDate "2018.06.26"]
[EventType "swiss"]
[EventCountry "RUS"]
[SourceTitle "playchess.com"]
[Source "ChessBase"]
[SourceQuality "1"]

{[%evp 14,83,12,12,41,43,39,28,41,28,23,0,6,0,2,0,14,22,35,15,23,0,0,-4,-4,-11,-3,-5,0,0,0,0,0,0,0,0,0,0,14,8,18,14,67,56,97,10,13,0,18,18,15,6,18,14,39,37,35,14,15,15,15,14,23,4,15,3,6,0,0,0,0,0]} 1. d4 Nf6 2. c4 e6 3. Nf3 d5 4. Nc3 c6 5. cxd5 exd5 6. Qc2 Bg4 7. Bg5 Be7 8. e3 {LiveBook: 9 Games} Bxf3 {D36: Queen's Gambit Declined: Exchange Variation: Main line (5 Bg5 c6 6 Qc2)} (8... Nbd7 9. Bd3 h6 10. Bh4 O-O 11. O-O-O Rc8 12. h3 Bxf3 13. gxf3 c5 14. dxc5 Rxc5 15. Kb1 Ne5 16. Be2 Qd7 17. Ka1 {1-0 (56) Poghosyan,S (2317)-Krapivin,A (2476) Moscow 2011}) 9. gxf3 Nbd7 10. O-O-O Nh5 {White has an edge.} 11. Bxe7 Qxe7 12. Ne2 $146 ({Predecessor:} 12. Kb1 O-O 13. Bd3 h6 14. Rhg1 b5 15. Ne2 Rfc8 16. Ng3 Nxg3 17. Rxg3 {1-0 (25) Gellrich,P-Kurbel,H Germany 1997}) 12... g6 13. Kb1 Qh4 14. Ng3 Ng7 15. Qb3 Rb8 16. Qa3 a6 17. Bg2 (17. Bd3 {is more complex.} Qe7 18. Qc3 Qh4 19. Qb4 Ne6 20. Bc2) 17... Qe7 18. Qxe7+ Kxe7 19. h4 Nf6 20. Bh3 Rhe8 21. Ne2 Kf8 22. Nf4 Re7 23. Rc1 Nge8 24. Rhg1 Nd6 25. h5 Kg7 26. Bf1 Rg8 27. Bd3 {[%cal Rh5g6]} Kf8 ({Black should play} 27... Ree8 $11) 28. hxg6 $14 hxg6 29. Rh1 (29. Bxg6 $16 {With the idea Bc2.} fxg6 30. Nxg6+ Rxg6 31. Rxg6) 29... Re8 30. Rce1 Kg7 31. Kc2 Rh8 32. Reg1 Rxh1 (32... a5 {keeps more tension.} 33. Ne2 Reg8 34. Ng3 Nh7 35. Kb3 Nf6) 33. Rxh1 Rh8 (33... Rg8 {looks sharper.} 34. Bf1 g5 35. Nd3 g4 36. fxg4 Nxg4 37. Rg1 Kf8) 34. Rxh8 Kxh8 {[%mdl 4096] Endgame KBN-KNN} 35. Kc3 Kg7 36. Kb4 Kf8 37. Bf1 Ke7 38. Bh3 Kd8 {The position is equal.} 39. b3 Nh7 40. Ne2 Ng5 41. Bg2 Nf5 42. f4 {Precision: White = 40%, Black = 49%.} 1/2-1/2

[Event "71st RUS-ch Higher League 2018"]
[Site "Yaroslavl"]
[Date "2018.06.28"]
[Round "3"]
[White "Potkin, Vladimir"]
[Black "Zvjaginsev, Vadim"]
[Result "1/2-1/2"]
[WhiteElo "2592"]
[BlackElo "2633"]
[Annotator "TA"]
[PlyCount "37"]
[EventDate "2018.06.26"]
[EventType "swiss"]
[EventCountry "RUS"]
[SourceTitle "playchess.com"]
[Source "ChessBase"]
[SourceQuality "1"]

{[%evp 12,37,41,17,38,24,20,10,21,16,29,-14,0,0,6,-26,0,1,9,0,0,0,17,0,0,0,12,-9]} 1. c4 c5 2. Nf3 Nf6 3. Nc3 e6 4. g3 d5 5. cxd5 Nxd5 6. Bg2 Nc6 7. O-O {LiveBook: 696 Games} Qb6 {A34: Symmetrical English: 2 Nc3, lines with ...d5} (7... Be7 8. b3 O-O 9. Bb2 Nf6 10. Rc1 Qa5 11. d3 Bd7 12. Na4 Rac8 13. Bc3 Qb5 14. Bxf6 gxf6 15. d4 cxd4 16. Nxd4 Nxd4 17. Qxd4 {1-0 (49) Iturrizaga Bonelli,E (2650)-Fedoseev,V (2724) chess.com INT 2018}) 8. b3 Be7 9. Bb2 {With the idea Na4.} Nxc3 10. dxc3 $146 ({Predecessor:} 10. Bxc3 O-O 11. Qc2 Rd8 12. Rfc1 f6 13. Qe4 Rb8 14. Qc4 {0-1 (43) Olivo,O-Johnson,B (2167) ICCF email 2010}) 10... O-O 11. e4 e5 12. Nd2 Be6 13. Qc2 Rfd8 (13... c4 $5) 14. Rfd1 {The position is equal.} Bg5 15. Nf3 Be7 16. Nd2 Bg5 17. Nf3 Be7 18. Nd2 Bg5 19. Nf3 {Precision: White = 53%, Black = 57%.} 1/2-1/2

[Event "71st RUS-ch Higher League 2018"]
[Site "Yaroslavl"]
[Date "2018.06.28"]
[Round "3"]
[White "Volkov, Sergey"]
[Black "Inarkiev, Ernesto"]
[Result "0-1"]
[WhiteElo "2580"]
[BlackElo "2684"]
[Annotator "TA"]
[PlyCount "68"]
[EventDate "2018.06.26"]
[EventType "swiss"]
[EventCountry "RUS"]
[SourceTitle "playchess.com"]
[Source "ChessBase"]
[SourceQuality "1"]

{[%evp 13,68,-41,-31,-49,-43,-105,-103,-117,-113,-107,-104,-142,-113,-136,-124,-127,-124,-124,-119,-111,-95,-125,-87,-109,-85,-102,-85,-91,-76,-72,-79,-175,-156,-274,-273,-317,-327,-346,-346,-432,-427,-435,-454,-440,-426,-421,-428,-545,-402,-455,-452,-492,-489,-648,-445,-829,-828]} 1. d4 Nf6 2. c4 e6 3. Nc3 Bb4 4. f3 c5 5. a3 Bxc3+ 6. bxc3 d6 7. e4 Nc6 {LiveBook: 63 Games} 8. Bd3 {E24: Nimzo-Indian: Sämisch: Unusual Black 5th moves and 5...c5 sidelines} (8. Be3 b6 9. Ne2 O-O 10. Nc1 Ba6 11. Nb3 Rc8 12. Be2 Ne7 13. Nd2 Nc6 14. Nb3 Ne7 15. Nd2 Nc6 16. Nb3 Ne7 {½-½ (16) Mirzoev,E (2418)-Fedorchuk,S (2637) Orsay 2018}) 8... cxd4 9. Bb2 $146 ({Better is} 9. cxd4 $15 Nxd4 10. Ne2) ({Predecessor:} 9. cxd4 Nxd4 10. Be3 Nc6 11. f4 e5 {0-1 (11) Iglesias,J (2166)-Papadopoulos,I (2471) Differdange 2008}) 9... dxc3 $17 10. Bxc3 {Black is better.} O-O 11. Ne2 Nd7 12. f4 b6 13. Ng3 Qe7 14. O-O Nc5 15. Rf3 f6 16. Nf1 Bb7 17. Bc2 Rad8 18. Rh3 e5 19. Ne3 Qe8 ({Weaker is} 19... exf4 20. e5 $14) 20. Qg4 Qg6 {And now ...Qxg4 would win.} 21. Qh4 exf4 22. Nf5 {[#]} (22. Nd5 $17 {is a better defense.}) 22... Ne6 $1 $19 23. e5 (23. Rc1 $17) 23... dxe5 ({Not} 23... Ng5 24. exf6 Nxh3+ 25. Qxh3 $17) 24. Ne7+ Nxe7 {[%csl Gb7][%cal Rg6g2]} 25. Bxg6 Nxg6 26. Qxh7+ Kf7 {...Rh8 is the strong threat.} 27. Rh6 Be4 28. Rxg6 Bxg6 29. Qh4 Rd3 30. Qe1 Rc8 31. Rc1 f3 {Black is clearly winning.} 32. gxf3 Ng5 33. Qe2 Nxf3+ 34. Kf1 (34. Kg2 $142) 34... Rh8 {Precision: White = 44%, Black = 77%.} 0-1

[Event "71st RUS-ch Higher League 2018"]
[Site "Yaroslavl"]
[Date "2018.06.28"]
[Round "3"]
[White "Goganov, Aleksey"]
[Black "Triapishko, Alexandr"]
[Result "1-0"]
[WhiteElo "2576"]
[BlackElo "2513"]
[Annotator "RC"]
[PlyCount "85"]
[EventDate "2018.06.26"]
[EventType "swiss"]
[EventCountry "RUS"]
[SourceTitle "playchess.com"]
[Source "ChessBase"]
[SourceQuality "1"]
[TimeControl "40/5400+30:1800+30"]

1. d4 {[%emt 0:00:00]} Nf6 {[%emt 0:00:00]} 2. c4 {[%emt 0:00:00]} g6 {[%emt 0:00:07]} 3. f3 {[%emt 0:00:00]} Nc6 {[%emt 0:00:38]} 4. d5 {[%emt 0:00:11]} Ne5 {[%emt 0:00:13]} 5. e4 {[%emt 0:03:01]} e6 {[%emt 0:00:21]} 6. f4 {[%emt 0:16:37]} Nxe4 {[%emt 0:00:14]} 7. fxe5 {[%emt 0:00:11]} Qh4+ {[%emt 0:00:07]} 8. g3 {[%emt 0:02:29]} Nxg3 {[%emt 0:00:55]} 9. hxg3 {[%emt 0:00:21]} Qxh1 {[%emt 0:00:18]} 10. Nf3 {[%emt 0:01:35]} Bg7 {[%emt 0:00:14]} 11. Nc3 {[%emt 0:06:48]} O-O {[%emt 0:07:58]} 12. Bf4 {[%emt 0:09:14]} d6 {[%emt 0:13:32]} 13. Ne4 {[%emt 0:05:42]} exd5 {[%emt 0:16:57]} 14. Nf2 {[%emt 0:01:22]} Qh5 {[%emt 0:00:16]} 15. Be2 {[%emt 0:01:37]} Bg4 {[%emt 0:19:18]} 16. Nxg4 {[%emt 0:01:07]} Qxg4 {[%emt 0:00:19]} 17. exd6 {[%emt 0:00:21]} cxd6 {[%emt 0:05:30]} 18. Qxd5 {[%emt 0:00:31]} Rfe8 {[%emt 0:02:50]} 19. Kf2 {[%emt 0:08:05]} Qe6 {[%emt 0:11:04]} 20. Qxe6 {[%emt 0:03:25]} Rxe6 {[%emt 0:00:19]} 21. Rd1 {[%emt 0:10:54]} Bxb2 {[%emt 0:04:09]} 22. Ng5 {[%emt 0:01:05]} Ree8 {[%emt 0:04:06]} 23. Bf3 {[%emt 0:00:32]} Be5 {[%emt 0:01:55]} 24. Bxb7 {[%emt 0:01:09]} Bxf4 {[%emt 0:03:16]} 25. gxf4 {[%emt 0:00:07]} Rab8 {[%emt 0:00:59]} 26. Bd5 {[%emt 0:04:45]} Re7 {[%emt 0:03:24]} 27. Rh1 {[%emt 0:02:36]} Rb2+ {[%emt 0:00:57]} 28. Kf3 {[%emt 0:00:54]} h5 {[%emt 0:00:17]} 29. f5 {[%emt 0:00:18]} Kg7 {[%emt 0:02:42]} 30. Ne4 {[%emt 0:00:17]} gxf5 {[%emt 0:00:50]} 31. Rg1+ {[%emt 0:03:38]} Kf8 {[%emt 0:00:08]} 32. Nxd6 {[%emt 0:00:11]} Rxa2 {[%emt 0:00:10]} 33. Nxf5 {[%emt 0:00:12]} Ree2 {[%emt 0:00:58]} 34. Rg5 {[%emt 0:02:50]} Rh2 {[%emt 0:01:04]} 35. Kg3 {[%emt 0:00:59]} Rad2 {[%emt 0:00:52]} 36. Nh4 {[%emt 0:01:42]} Rhe2 {[%emt 0:00:16]} 37. Rxh5 {[%emt 0:01:53]} Rd3+ {[%emt 0:00:42]} 38. Kf4 {[%emt 0:00:22]} Rf2+ {[%emt 0:00:32]} 39. Ke4 {[%emt 0:00:56]} Rd1 {[%emt 0:00:28]} 40. Nf5 {[%emt 0:00:00]} Ke8 {[%emt 0:00:00]} 41. Ke5 {[%emt 0:02:40]} Kd8 {[%emt 0:21:38]} 42. Kd6 {[%emt 0:01:53]} Re2 {[%emt 0:00:15]} 43. Ng7 {[%emt 0:00:11]} 1-0

[Event "71st RUS-ch Higher League 2018"]
[Site "Yaroslavl"]
[Date "2018.06.28"]
[Round "3"]
[White "Shaposhnikov, Evgeny"]
[Black "Matlakov, Maxim"]
[Result "1/2-1/2"]
[WhiteElo "2572"]
[BlackElo "2699"]
[Annotator "TA"]
[PlyCount "80"]
[EventDate "2018.06.26"]
[EventType "swiss"]
[EventCountry "RUS"]
[SourceTitle "playchess.com"]
[Source "ChessBase"]
[SourceQuality "1"]

{[%evp 13,80,0,0,0,0,0,0,0,0,0,-2,0,-7,-17,-15,-18,-14,-16,-4,-9,0,0,0,0,0,0,0,-14,-9,-18,-9,-9,-8,-9,-4,-10,-6,-6,0,0,0,0,0,-5,0,0,0,-2,0,0,0,0,0,0,0,0,0,0,0,0,0,0,0,0,0,-3,0,0,0]} 1. Nf3 d5 2. d4 Nf6 3. c4 e6 4. e3 Be7 5. b3 O-O 6. Bb2 c5 {A13: English Opening: 1...e6} 7. dxc5 (7. Bd3 cxd4 8. exd4 b6 9. O-O Nc6 10. Nbd2 Bb7 11. Rc1 Rc8 12. Qe2 Re8 13. Rfe1 Bf8 14. h3 g6 15. Qe3 Bg7 16. a3 Nd7 17. cxd5 exd5 18. Qxe8+ Qxe8 19. Rxe8+ Rxe8 20. b4 Nf8 21. Ne5 Rc8 22. Nxc6 {½-½ (22) Sargissian,G (2672)-Anand,V (2782) Riadh 2017}) 7... dxc4 {LiveBook: 4 Games. The position is equal.} 8. Qxd8 Rxd8 9. Bxc4 Ne4 $146 ({Predecessor:} 9... Bxc5 10. O-O b6 11. Nc3 Nbd7 12. Rfd1 Bb7 13. Rac1 Rac8 14. h3 h6 15. Nb5 Nd5 16. Bxd5 Bxd5 17. Nfd4 a6 18. Nc3 Bb7 19. Na4 {½-½ (19) Camacho Dominguez,F (2207)-Vila Hernandez,C (2261) ICCF email 2015}) 10. Nc3 Nxc5 11. O-O a6 12. b4 Ncd7 13. b5 Nb6 {[%cal Bd7b6,Bb6a4,Ba4c5,Bc5d3][%mdl 32]} 14. Be2 axb5 15. Nxb5 Na4 16. Be5 Nc6 17. Bc7 Rd7 18. Rac1 Nc5 19. Bc4 Kf8 20. Ne5 Nxe5 21. Bxe5 Nd3 22. Nc7 Rxc7 23. Bxd3 Rxc1 24. Rxc1 Bd7 25. Be4 Rxa2 26. Bxb7 f6 27. Bc3 Kf7 28. Be4 h5 (28... Ra4 {feels hotter.} 29. f3 f5 30. Bd3 Ra3 31. Kf2 Bf6) 29. Ra1 Rxa1+ 30. Bxa1 $11 {[%mdl 4096] Endgame KBB-KBB} h4 31. h3 f5 32. Bd3 Bf6 33. Bxf6 Kxf6 {KB-KB} 34. f4 e5 35. fxe5+ Kxe5 36. Kf2 g5 37. Be2 f4 38. exf4+ Kxf4 39. Bf1 g4 40. hxg4 Bxg4 {Precision: White = 85%, Black = 70%.} 1/2-1/2